Energy management (Record no. 188473)

000 -LEADER
fixed length control field 00386nam a2200133Ia 4500
008 - FIXED-LENGTH DATA ELEMENTS--GENERAL INFORMATION
fixed length control field 220217s9999||||xx |||||||||||||| ||und||
020 ## - INTERNATIONAL STANDARD BOOK NUMBER
International Standard Book Number 9788131207383
082 ## - DEWEY DECIMAL CLASSIFICATION NUMBER
Classification number 621.042 MUR
100 ## - MAIN ENTRY--PERSONAL NAME
Personal name Murphy, W.R and McKay, G
9 (RLIN) 10192
245 #0 - TITLE STATEMENT
Title Energy management
260 ## - PUBLICATION, DISTRIBUTION, ETC.
Place of publication, distribution, etc. Elsevier Academic press
Name of publisher, distributor, etc. New Delhi
Date of publication, distribution, etc. 2016
300 ## - PHYSICAL DESCRIPTION
Extent IX, 374p.
Other physical details 850
650 ## - SUBJECT ADDED ENTRY--TOPICAL TERM
Topical term or geographic name entry element Energy Engineering
9 (RLIN) 13074
Holdings
Withdrawn status Lost status Damaged status Not for loan Collection code Home library Current library Shelving location Date acquired Full call number Barcode Date last seen Price effective from Koha item type
        Mechanical Engineering Central Library Central Library Reference 02/18/2022 621.042 MUR 23662 02/18/2022 02/18/2022 Books

Powered by Koha